| 000 | 00701nam a22002177a 4500 | ||
|---|---|---|---|
| 003 | UA-OsUOA | ||
| 001 | 107806 | ||
| 007 | ta | ||
| 008 | 20140912b un ||||| |||| 00| 0 ukr d | ||
| 100 | _aПіонтковська Я.О. | ||
| 090 |
_a330(477) _bП36 |
||
| 942 | _cSA | ||
| 040 |
_aUA-OsUOA _bukr _cUA-OsUOA _dUA-OsUOA |
||
| 245 | _aФормування системи ууправління рівновагою грошово-кредитного ринку України | ||
| 300 | _aС.14-19 | ||
| 955 | _a0 | ||
| 041 | _aukr | ||
| 080 | _a330(477) | ||
| 773 | 0 |
_w107804 _tЕкономіка. Фінанси. Право. _dК. _d2014 _g8 |
|
| 650 | 7 |
_a330 Економіка взагалі _2UDC |
|
| 999 |
_c393880 _d393880 |
||